000 00659nam a2200229 a 4500
999 _c1117
_d1117
008 191128t2008 ii a|||g |||| 00| 0 eng d
020 _a9788178298764
_cRs. 395.00
040 _aKO
_beng
041 0 _aeng
044 _aii
082 0 4 _223
_a658.7
_bR1801
100 1 _aRao, Purba Halady
245 1 0 _aGreening the Supply Chain :
_ba guide for Asian Managers /
_cPurba Halady Rao
260 _aNew Delhi :
_bResponse Books ,
_c2008
300 _axviii, 250 p. :
_bill. ;
_c22 cm
504 _aIncludes Index.
650 0 _aBusiness logistics
_zAsia
650 0 _aSocial responsibility of business
_xAsia
904 _aA_BOSE
942 _cBK